| 000 | 00993nam0a22003131 4500 | ||
|---|---|---|---|
| 001 | rc\3254599 | ||
| 005 | 20250609200204.0 | ||
| 021 |
_aRU _b[74-4617] |
||
| 035 | _a(NLR Aleph) 007480952 | ||
| 090 |
_a7515875 _c7515875 |
||
| 100 | _a20130115d1973 |||y0rusy50 ca | ||
| 101 | 0 | _arus | |
| 102 | _aRU | ||
| 105 | _aa z |||a| | ||
| 200 | 1 |
_aМолодая гвардия _eРоман _fПослесл. В. Инберг _gИл.: В. Савадов |
|
| 205 | _aПереизд.] | ||
| 210 |
_aДонецк _cДонбас _d1973 |
||
| 215 |
_a621 с., 8 л. ил. _d20 |
||
| 686 | 2 | _aШ6(2=Р)74-440.4Вел.От.в. | |
| 700 | 1 |
_aФадеев _bА.А. _f1901-1956 _gАлександр Александрович |
|
| 702 | 1 |
_aИнберг _bВ. _4080 |
|
| 702 | 1 |
_aСавадов _bВ. _4440 |
|
| 801 | 0 |
_aRU _bNLR _gpsbo |
|
| 801 | 1 |
_aRU _bELAR _2rusmarc |
|
| 852 |
_aNLR _j73-3/9869 |
||
| 942 | _cBOOK | ||
| 980 | _aNB | ||